| 000 | 01141nam a22002537a 4500 | ||
|---|---|---|---|
| 005 | 20240305165510.0 | ||
| 007 | cr|||| |||| | ||
| 008 | 180713s2018 pr |||||s|||| 00||0 spa d | ||
| 035 | _a21845 | ||
| 040 | _avLex | ||
| 090 |
_c8030 _d8030 |
||
| 100 | 1 | _aOrtega-Vélez, Ruth E. | |
| 245 | 1 | 0 |
_aSíntesis: jurisprudencia del Tribunal Supremo de Puerto Rico 2011 _h[Recurso electrónico] / _cRuth E. Ortega-Vélez |
| 256 | _aServicio en línea | ||
| 260 |
_aBarcelona: _bEditorial vLex, _c2018 |
||
| 300 | _a1 recurso electrónico | ||
| 506 | 1 |
_aDisponible solo en los productos indicados _dvLex Global _dvLex Global (Academic Edition, excluding Law Schools) _dvLex Global (U.S. Academic Edition, Law Schools) _dvLex Global (U.S. Academic Edition, excluding Law Schools) _dvLex Global (Academic Edition, Law Schools) |
|
| 650 | 0 | 4 |
_aDerecho Civil _zPuerto Rico |
| 650 | 0 | 4 |
_aDerecho Constitucional _zPuerto Rico |
| 650 | 0 | 4 |
_aDerecho Procesal _zPuerto Rico |
| 740 | 0 | _avLex Libros (Servicio en línea) | |
| 856 | 4 | 0 | _uhttps://app.vlex.com/#/sources/sintesis-jurisprudencia-del-tribunal-supremo-de-puerto-rico-2011-21845 |
| 942 | _cRAA | ||
| 999 |
_c166267 _d166267 |
||